header

Roman honor (Record no. 48242)

MARC details
000 -LEADER
fixed length control field 01317nam a2200337 a 4500
082 04 - DEWEY DECIMAL CLASSIFICATION NUMBER
Classification number 870.9/353
100 1# - MAIN ENTRY--AUTHOR NAME
Personal name Barton, Carlin A.,
245 10 - TITLE STATEMENT
Title Roman honor
260 ## - PUBLICATION, DISTRIBUTION, ETC. (IMPRINT)
Place of publication Berkeley :
Name of publisher University of California Press,
Year of publication c2001.
300 ## - PHYSICAL DESCRIPTION
Number of Pages xiii, 326 p.
650 #0 - SUBJECT ADDED ENTRY--TOPICAL TERM
Topical Term Latin literature
Topical Term Honor in literature.
Topical Term National characteristics, Roman.
Topical Term Honor
856 40 - ELECTRONIC LOCATION AND ACCESS
Uniform Resource Identifier http://site.ebrary.com/lib/rucke/Doc?id=10064742

No items available.

© 2026 Rongo University
Contact us: librarian | system librarian | Rongo university